00515nam a22001697a 450000500170000000800410001702000180005804000210007604100080009708200130010510000330011824500470015125000120019826000840021030000160029465000350031020230602133452.0230602b ||||| |||| 00| 0 eng d a9789382580086 aIN-DiNCcIN-DiNC dasm a920bBHU aBhuyan, Surjya Kumareauthor aAnundoram Borooah/cby Surjya Kumar Bhuyan a8th ed. aNorth Guwahati:bAnundoram Borooah Institute of Language, Art & Culture/c1992. axxii. 183p. aBiography of Anundoram Borooah